UBT Library

Poverty, new interdisciplinary perspectives / (Record no. 43018)

000 -LEADER
fixed length control field 00556cam a2200205 4500
001 - CONTROL NUMBER
control field 3125340
005 - DATE AND TIME OF LATEST TRANSACTION
control field 20180221042021.0
008 - FIXED-LENGTH DATA ELEMENTS--GENERAL INFORMATION
fixed length control field 700404s1969 cau b 101 0 eng
010 ## - LIBRARY OF CONGRESS CONTROL NUMBER
LC control number 69013166
040 ## - CATALOGING SOURCE
Original cataloging agency DLC
Transcribing agency DLC
Modifying agency DLC
041 ## - LANGUAGE CODE
Language code of text/sound track or separate title eng
080 ## - UNIVERSAL DECIMAL CLASSIFICATION NUMBER
Universal Decimal Classification number 309.173
082 00 - DEWEY DECIMAL CLASSIFICATION NUMBER
Classification number 309.173 WEA
100 ## - Rafti
Rafti 20
101 ## - Shkurtesa
Shkurtesa SHP
245 00 - TITLE STATEMENT
Title Poverty, new interdisciplinary perspectives /
Statement of responsibility, etc edited by Thomas Weaver and Alvin Magid.
504 ## - BIBLIOGRAPHY, ETC. NOTE
Bibliography, etc Bibliographical footnotes.
906 ## - LOCAL DATA ELEMENT F, LDF (RLIN)
a 7
b cbc
c orignew
d u
e ncip
f 19
g y-gencatlg
942 ## - ADDED ENTRY ELEMENTS (KOHA)
Source of classification or shelving scheme
Item type Books
Holdings
Withdrawn status Lost status Source of classification or shelving scheme Damaged status Not for loan Collection code Permanent location Current location Shelving location Date acquired Total Checkouts Full call number Barcode Date last seen Price effective from Koha item type
          Koleksioni i përgjithshem UBT - Lipjan UBT - Lipjan Koleksioni i përgjithshem 02/21/2018   309.173 WEA 002-2999832 02/21/2018 02/21/2018 Books
UBT Library © 2015-2024. All rights reserved University Education for Business and Technology